01410 a2200193 4500008004100000020001500041082001500056100002900071110005300100245007800153260003500231300002800266440001100294505076400305650004901069655001701118700002801135710005301163140829b xxu||||| |||| 00| 0 eng d a8495005107 a708bM181d aMaderuelo, Javier et all aDiputación de Huesca y Universidad de Zaragoza aDesde la ciudad bArte y Naturaleza. Huesca,1998cJavier Maderuelo et all aHuesca, EspañabHuescac1998 a262 p bill. colc24 cm vVol. 4 tDesde la ciudad, Javier Maderuelo. La ciudad como espacio de aventura y innovación social, Mario Gaviria. Del escenario de la ciudad al Paisaje urbano, Javier Maderuela. La forma del habitar colectivo: el poder en (la) forma. Italo calvino o la visibilidad en las ciudades de la escritura, María Josefa Calvo Montoro. Gritos amargos sobre la ciudad, Horacio Capel. Desde la ciudad hacia la metrópoli, Antonio Fernández Alba. A la sombra de una ciudad en flor, Chus Tudelilla. Una arcadia para todos: Evolución del parque publico, Angela Souto. Espacios Espectrales: Realidad y ficcion en la arquitectura de la imagen. Daniel Canogar. Naturalez y Metropoli, conciliación y conflicto. Carlos García Vázquez. Lugares y no lugares Marc Augé.  aArte PublicoxEarthWorks art, site specific  aArte publico aJavier Maderuelo et all aDiputación de Huesca y Universidad de Zaragoza